000 00509nam a2200193Ia 4500
008 210719s2017 xx 000 0 und d
020 _a978-93-859998-41-6
041 _aeng
082 _a339 SOMP
100 _aSOMASHEKARAIAH (N T);SOMASHEKAR (Ne Thi)
245 _aPrinciples of macroeconomics Ed 2
250 _a2
260 _aNew Delhi
_bMedtech
_c2017
300 _axi,416
_bPB
365 _b395
_cRs
650 _aEconomics
650 _aMacro Economics
906 _amacroeconomics ; Principles
999 _c211885
_d211885